Catálogo
 En Linea

Cabo Verde. : (Registro nro. 42421)

Detalles MARC
000 -CABECERA
campo de control de longitud fija 01109nam a2200241 a 4500
001 - NÚMERO DE CONTROL
campo de control 000042932
005 - FECHA Y HORA DE LA ÚLTIMA TRANSACCIÓN
campo de control 20201002040516.0
008 - DATOS DE LONGITUD FIJA--INFORMACIÓN GENERAL
campo de control de longitud fija 140213s20uu sp acf 000 0 spa d
020 ## - NÚMERO INTERNACIONAL ESTÁNDAR DEL LIBRO
Número Internacional Estándar del Libro 8472328627
040 ## - FUENTE DE LA CATALOGACIÓN
Centro catalogador/agencia de origen DO-SdBNP
Lengua de catalogación spa
Centro/agencia transcriptor BNPHU
041 17 - CÓDIGO DE LENGUA
Código de lengua del texto/banda sonora o título independiente spa
Código de lengua del sumario o resumen pol
245 00 - MENCIÓN DE TÍTULO
Título Cabo Verde. :
Resto del título Fortalezas, gente e paisagem=Fortalezas, gente y paisaje /
Mención de responsabilidad, etc. fotografías, Yasmina Cáceres Gutiérrez, Jesús couso Tapia, Carlos García Peña, Jorge de Juan Ares, Guillermo Sánchez Gil, Laboratorio Praia-Color; traducción, Santiago Figueiredo, Rafael Valladares.
260 ## - PUBLICACIÓN, DISTRIBUCIÓN, ETC.
Lugar de publicación, distribución, etc. [Madrid], :
Nombre del editor, distribuidor, etc. Agencia Española de Cooperación Internacional,
Fecha de publicación, distribución, etc. [20??].
300 ## - DESCRIPCIÓN FÍSICA
Extensión 290 p. :
Otras características físicas il., retrs., lam. ;
Dimensiones 33 cm.
504 ## - NOTA DE BIBLIOGRAFÍA, ETC.
Nota de bibliografía, etc. Bibliografía p: 214-238
500 ## - NOTA GENERAL
Nota general Selección de textos y fotografías: Carlos García Peña
700 1# - PUNTO DE ACCESO ADICIONAL--NOMBRE DE PERSONA
Nombre de persona García Peña, Carlos
Término indicativo de función/relación fot.
9 (RLIN) 70411
700 1# - PUNTO DE ACCESO ADICIONAL--NOMBRE DE PERSONA
Nombre de persona Cáceres Gutiérrez, Yasmina
Término indicativo de función/relación fot.
9 (RLIN) 70412
700 1# - PUNTO DE ACCESO ADICIONAL--NOMBRE DE PERSONA
Nombre de persona Couso Tapia, Jesús
Término indicativo de función/relación fot.
9 (RLIN) 70413
700 1# - PUNTO DE ACCESO ADICIONAL--NOMBRE DE PERSONA
Nombre de persona Juan Ares, Jorge de
Término indicativo de función/relación fot.
9 (RLIN) 70414
700 1# - PUNTO DE ACCESO ADICIONAL--NOMBRE DE PERSONA
Nombre de persona Sánchez Gil, Guillermo
Término indicativo de función/relación fot.
9 (RLIN) 70415
710 2# - PUNTO DE ACCESO ADICIONAL--NOMBRE DE ENTIDAD CORPORATIVA
Nombre de entidad corporativa o nombre de jurisdicción como elemento de entrada Laboratorio Praia-Color
9 (RLIN) 70416
Existencias
Estado de retiro Estado de pérdida Restricciones de uso No para préstamo Código de colección Localización permanente Ubicación/localización actual Ubicación en estantería Fecha de adquisición Número de inventario Total de préstamos Signatura topográfica completa Código de barras Fecha visto por última vez Precio válido a partir de Tipo de ítem Koha
      Excluido de préstamo Monografías: Libros y Folletos General General En catalogación 13.02.2014 LF1   42932-10 25.06.2020 25.06.2020 No se presta

Con tecnología Koha